Contabilidad patrimonial (Registro nro. 194)

Detalles MARC
000 -LEADER
fixed length control field 00923 a2200241 4500
001 - CONTROL NUMBER
control field 1894
005 - DATE AND TIME OF LATEST TRANSACTION
control field 20260407155419.0
008 - FIXED-LENGTH DATA ELEMENTS--GENERAL INFORMATION
fixed length control field 260407a2009 arg spa d
003 - CONTROL NUMBER IDENTIFIER
control field AR-UNSa-BCEJYS
040 ## - CATALOGING SOURCE
Original cataloging agency AR-UNSa-BCEJYS
Language of cataloging spa
Transcribing agency AR-UNSa-BCEJYS
080 ## - UNIVERSAL DECIMAL CLASSIFICATION NUMBER
Universal Decimal Classification number 657
Common auxiliary subdivision Contabilidad
020 ## - INTERNATIONAL STANDARD BOOK NUMBER
International Standard Book Number 978-987-1140-99-2
100 1# - MAIN ENTRY--PERSONAL NAME
Personal name Petti, Ana María
245 10 - TITLE STATEMENT
Title Contabilidad patrimonial
250 ## - EDITION STATEMENT
Edition statement 2a. ed.
264 #1 - PRODUCTION, PUBLICATION, DISTRIBUTION, MANUFACTURE, AND COPYRIGHT NOTICE
Place of production, publication, distribution, manufacture Buenos Aires :
Name of producer, publisher, distributor, manufacturer Osmar D. Buyatti
Date of production, publication, distribution, manufacture, or copyright notice 2009
300 ## - PHYSICAL DESCRIPTION
Extent 404 p.
Dimensions 22 cm.
505 ## - FORMATTED CONTENTS NOTE
Formatted contents note 1. Patrimonio neto - 2. Bienes de cambio - 3. Bienes de uso - 4. Activos intangibles - 5. Créditos - 6. Efectivo - 7. Inversiones - 8. Compromisos ciertos - 9. Compromisos contingentes
590 ## - LOCAL NOTE (RLIN)
Local note niveau_biblio:m niveau_hierar:0
700 1# - ADDED ENTRY--PERSONAL NAME
Personal name Longhi, Paula Ana
856 41 - ELECTRONIC LOCATION AND ACCESS
Uniform Resource Identifier <a href="https://biblioeco.unsa.edu.ar/pmb/images/libros/Contabilidad Patrimonial2-l117956.jpg.jpg">https://biblioeco.unsa.edu.ar/pmb/images/libros/Contabilidad Patrimonial2-l117956.jpg.jpg</a>
Link text Imagen de portada
Electronic format type image/jpeg
942 ## - ADDED ENTRY ELEMENTS (KOHA)
Koha item type
Existencias
Withdrawn status Lost status Damaged status Not for loan Home library Current library Shelving location Date acquired Total checkouts Full call number Barcode Date last seen Price effective from Koha item type Public note
        Biblioteca Prof. Eusebio Cleto del Rey Biblioteca Prof. Eusebio Cleto del Rey   07/04/2026   657 P511p 2ed. L117956 07/04/2026 07/04/2026 Libro PÁG. 289 MANCHAS LEVES - CANTO UN POCO SUCIO
        Biblioteca Prof. Eusebio Cleto del Rey Biblioteca Prof. Eusebio Cleto del Rey   07/04/2026   657 P511p 2ed. L117958 07/04/2026 07/04/2026 Libro PARTIDO - PÁG. 172 A 182 ARRUGADAS - ESCRITO C/ LÁPIZ - CANTO SUCIO
        Biblioteca Prof. Eusebio Cleto del Rey Biblioteca Prof. Eusebio Cleto del Rey   07/04/2026   657 P511p 2ed. L117959 07/04/2026 07/04/2026 Libro PARTIDO - PÁG. 103, 117 Y 126 MANCHADAS
        Biblioteca Prof. Eusebio Cleto del Rey Biblioteca Prof. Eusebio Cleto del Rey   07/04/2026   657 P511p 2ed. L117963 07/04/2026 07/04/2026 Libro LÁPIZ LEVE
        Biblioteca Prof. Eusebio Cleto del Rey Biblioteca Prof. Eusebio Cleto del Rey   07/04/2026   657 P511p 2ed. L117964 07/04/2026 07/04/2026 Libro  
        Biblioteca Prof. Eusebio Cleto del Rey Biblioteca Prof. Eusebio Cleto del Rey   07/04/2026   657 P511p 2ed. L117965 07/04/2026 07/04/2026 Libro PARTIDO PÁG. 130 - CANTO UN POCO SUCIO
        Biblioteca Prof. Eusebio Cleto del Rey Biblioteca Prof. Eusebio Cleto del Rey   07/04/2026   657 P511p 2ed. L117961 07/04/2026 07/04/2026 Libro 1RAS HOJAS MANCHADAS
        Biblioteca Prof. Eusebio Cleto del Rey Biblioteca Prof. Eusebio Cleto del Rey   07/04/2026   657 P511p 2ed. L117962 07/04/2026 07/04/2026 Libro LÁPIZ LEVE - PÁG. 78 MANCHADA